<?xml version="1.0" encoding="UTF-8"?><?xml-stylesheet type="text/xsl" href="static/style.xsl"?><OAI-PMH xmlns="http://www.openarchives.org/OAI/2.0/" xmlns:xsi="http://www.w3.org/2001/XMLSchema-instance" xsi:schemaLocation="http://www.openarchives.org/OAI/2.0/ http://www.openarchives.org/OAI/2.0/OAI-PMH.xsd"><responseDate>2026-06-07T01:08:52Z</responseDate><request verb="GetRecord" identifier="oai:riubu.ubu.es:10259/4288" metadataPrefix="marc">https://riubu.ubu.es/oai/request</request><GetRecord><record><header><identifier>oai:riubu.ubu.es:10259/4288</identifier><datestamp>2021-11-10T09:38:24Z</datestamp><setSpec>com_10259_3593</setSpec><setSpec>com_10259_5086</setSpec><setSpec>com_10259_2604</setSpec><setSpec>col_10259_3594</setSpec></header><metadata><record xmlns="http://www.loc.gov/MARC21/slim" xmlns:doc="http://www.lyncode.com/xoai" xmlns:xsi="http://www.w3.org/2001/XMLSchema-instance" xmlns:dcterms="http://purl.org/dc/terms/" xsi:schemaLocation="http://www.loc.gov/MARC21/slim http://www.loc.gov/standards/marcxml/schema/MARC21slim.xsd">
<leader>00925njm 22002777a 4500</leader>
<datafield tag="042" ind1=" " ind2=" ">
<subfield code="a">dc</subfield>
</datafield>
<datafield tag="720" ind1=" " ind2=" ">
<subfield code="a">Suárez, Anisley</subfield>
<subfield code="e">author</subfield>
</datafield>
<datafield tag="720" ind1=" " ind2=" ">
<subfield code="a">Martínez Lara, Fernando</subfield>
<subfield code="e">author</subfield>
</datafield>
<datafield tag="720" ind1=" " ind2=" ">
<subfield code="a">Sanz Díez, Roberto</subfield>
<subfield code="e">author</subfield>
</datafield>
<datafield tag="260" ind1=" " ind2=" ">
<subfield code="c">2016-12</subfield>
</datafield>
<datafield tag="520" ind1=" " ind2=" ">
<subfield code="a">A new and efficient synthesis of α-functionalized α-indol-3-yl ketones from easily available indolyl α-acyloins is reported. This process, catalyzed by Brønsted or Lewis acids, involves an uncommon direct nucleophilic substitution reaction of a secondary α-carbonyl-substituted hydroxyl group. The described methodology allows the introduction of a variety of nucleophiles such as (hetero)arenes, thiophenols, nitroanilines and 1,3-dicarbonyl derivatives. The synthesized α-indol-3-yl carbonyl compounds are important synthetic targets also useful for accessing functionalized tryptophols and furan-3-yl indoles.</subfield>
</datafield>
<datafield tag="024" ind2=" " ind1="8">
<subfield code="a">1477-0520</subfield>
</datafield>
<datafield tag="024" ind2=" " ind1="8">
<subfield code="a">http://hdl.handle.net/10259/4288</subfield>
</datafield>
<datafield tag="024" ind2=" " ind1="8">
<subfield code="a">10.1039/c6ob02125e</subfield>
</datafield>
<datafield tag="245" ind1="0" ind2="0">
<subfield code="a">Synthesis of α-functionalized α-indol-3-yl carbonyls through direct SN reactions of indol-3-yl α-acyloins</subfield>
</datafield>
</record></metadata></record></GetRecord></OAI-PMH>